Streamline English, Departures : an Intensive English Course for Beginners. Student's Edition /

محفوظ في:
التفاصيل البيبلوغرافية
المؤلف الرئيسي: Hartley, Bernard
مؤلفون آخرون: Viney, Peter
التنسيق: Sách giấy
اللغة:English
منشور في: Oxford : Oxford University Press , 1985
الوسوم: إضافة وسم
لا توجد وسوم, كن أول من يضع وسما على هذه التسجيلة!
Thư viện lưu trữ: Thư viện Trường Đại học Đà Lạt
LEADER 00663nam a2200253 4500
001 DLU020018072
005 ##5/18/2001
020 # # |a 978- 
041 # # |a eng 
082 # # |a 428  |b HA-B 
100 # # |a Hartley, Bernard 
245 # # |a Streamline English, Departures :  |b an Intensive English Course for Beginners. Student's Edition /  |c Bernard Hartley, Peter Viney 
260 # # |a Oxford :  |b Oxford University Press ,  |c 1985 
300 # # |a 87 tr.;   |c 27 cm. 
700 # # |a Viney, Peter 
992 # # |a 4498 
994 # # |a DLU 
900 # # |a False 
911 # # |a Administrator 
925 # # |a G 
926 # # |a A 
927 # # |a SH 
980 # # |a Thư viện Trường Đại học Đà Lạt